000 00366 a2200169 4500
001 184484
020 _a85-7665-014-2
040 _cMagnum
100 _aLetícia, Maria
240 1 0 _aO amigo invisível
_lpor
245 1 0 _aO amigo invisível
300 _a
362 0 _a2004
440 1 _aCompanhia das Letras
697 _aLITERATURA JUVENIL
942 _cBK
999 _c184484
_d184484